Interpretacija dannych inženernoj geofiziki /

Uložené v:
Podrobná bibliografia
Hlavný autor: Galin, Dmitrij L´vovič (Author)
Médium: Kniha
Jazyk:Russian
Vydané: Moskva : Nedra, 1989
Vydanie:1. izd.
ISBN: 5247005988 (brož.)
Fyzický popis: 114 s. : pril.
Tagy: Pridať tag
Žiadne tagy, Buďte prvý kto otaguje tento záznam!

MARC

LEADER 00000nam a2200000 a 4500
001 000274607
005 20060928102010.0
008 060928s1989 ru e 000 0 ruso
020 |a 5247005988 (brož.) 
040 |a SVKKK  |b slo  |c SVKKK  |e AACR2 
041 0 |a rus 
044 |a ru  |c RU 
100 1 |a Galin, Dmitrij L´vovič  |4 aut 
245 1 0 |a Interpretacija dannych inženernoj geofiziki /  |c Dmitrij L´vovič Galin 
250 |a 1. izd. 
260 |a Moskva :  |b Nedra,  |c 1989 
300 |a 114 s. :  |b pril. 
919 |a 5-247-00598-8 
998 |a BK 
090 |g SCKHL  |k Sklad Pribinova 2. posch.  |a III.154484  |j 807953  |i 2720470441  |s Absenčne